The Effects of Third Places on Individuals, Organizations and Territories
Stručná definícia "tretích miest." Ich priame a nepriame vplyvy na jednotlivcov, organizácie a územia. Nástroje politiky a plánovania coworkingových priestorov.
Enregistré dans:
| Auteur principal: | |
|---|---|
| Autres auteurs: | , , |
| Format: | Chapitre de livre |
| Langue: | anglais |
| Sujets: | |
| Tags: |
Pas de tags, Soyez le premier à ajouter un tag!
|
MARC
| LEADER | 00000naa$a2200000$$$4500 | ||
|---|---|---|---|
| 001 | 0307686 | ||
| 005 | 20250319130611.8 | ||
| 041 | 0 | |a eng | |
| 044 | |a FR | ||
| 245 | 1 | 0 | |a The Effects of Third Places on Individuals, Organizations and Territories |c Ilaria Mariotti, Chiara Tagliaro, Oliver Rafaj, Haubrich Gislene Feiten |
| 520 | |a Stručná definícia "tretích miest." Ich priame a nepriame vplyvy na jednotlivcov, organizácie a územia. Nástroje politiky a plánovania coworkingových priestorov. | ||
| 610 | 2 | 0 | |a coworking |
| 610 | 2 | 0 | |a interakcia sociálna |
| 610 | 2 | 0 | |a ekonomika zdieľaná |
| 610 | 2 | 0 | |a komunikácia interpersonálna |
| 610 | 2 | 0 | |a priestor pracovný |
| 610 | 2 | 0 | |a skupiny pracovné |
| 610 | 2 | 0 | |a tímy pracovné |
| 100 | 1 | |a Mariotti, Ilaria | |
| 700 | 1 | |a Tagliaro, Chiara | |
| 700 | 1 | |a Rafaj, Oliver, 1989- | |
| 700 | 1 | |a Feiten, Haubrich Gislene | |